01777aam a2200229 a 4500003001000000005001700010007000300027008004100030020001600071040003000087041000800117100003700125245007100162260006100233300002200294505034400316520065900660650006101319942001501380999001501395952013701410AR-RoUNCS20260625162048.0ta070426s2004 ag |r 00| 0 spa d z987-95843-5 aAR-RoUNCSbspacAR-RoUNCS aspa1 aSchuster, Félix Gustavoeautor13aEl método en las ciencias sociales / cFélix Gustavo Schuster. a[Buenos Aires] : bEditores de América Latina,cc2004. a139 p. ; c17 cm.0 a1. Las ciencias sociales: facticidad y confrontación -- 2. Método, realidad e investigación -- 3. ¿Uno o varios métodos? -- 4. Método axiomático y modelos -- 5. Inducción y método hipotético-deductivo -- 6. Método abstracto-deductivo y dialéctica -- 7. Comprensión, fenomenología y método progresivo-regresivo. a¿Se utilizan en las ciencias sociales métodos compartidos con otras disciplinas científicas? ¿Disponen las ciencias sociales de métodos propios? ¿Cómo aportan los métodos al conocimiento científico?: son algunas de las cuestiones que se intentan resolver en este libro, que trata el problema del método en las ciencias sociales sistemática y críticamente. Los métodos axiomático, inductivo, hipotético-deductivo, abstracto-deductivo, dialéctico, de la compresión, fenomenológico y progresivo-regresivo son analizados teórica y prácticamente, en su aplicación a la ciencia social y a la investigación científica. 7aCiencias socialesxMetodologíaxInvestigación2embne 2udccOGn0 c1060d1060 00102udc40708CGaESOCIALESbESOCIALESd2026-06-25eDonación 2026l0o303.1 Sch395p001538r2026-06-25 15:58:50w2026-06-25yOG